Finančná analýza podniku so zameraním na odvetvovú analýzu bakalárska práca

Enregistré dans:
Détails bibliographiques
Auteur principal: Demčák, Michal
Collectivité auteur: Fakulta podnikového manažmentu EU. Katedra podnikových financií
Autres auteurs: Moravčíková, Elena, 1967-
Format: Livre
Langue:slovaque
Publié: Bratislava 2010
Tags: Ajouter un tag
Pas de tags, Soyez le premier à ajouter un tag!

MARC

LEADER 00000nbm a2200000 4500
001 0133539
005 20161109111534.5
041 0 |a slo 
044 |a SK 
245 1 0 |a Finančná analýza podniku so zameraním na odvetvovú analýzu  |b bakalárska práca  |c Michal Demčák ; školiteľ: Elena Moravčíková 
264 1 |a Bratislava  |c 2010 
300 |a 50 s. 
100 1 |a Demčák, Michal 
700 1 |a Moravčíková, Elena, 1967- 
710 2 |a Fakulta podnikového manažmentu EU. Katedra podnikových financií